Central Library OPAC University of Rajshahi

International financial management / (Record no. 15916)

MARC details
000 -LEADER
fixed length control field 00964cam a2200301 i 4500
001 - CONTROL NUMBER
control field 15916
003 - CONTROL NUMBER IDENTIFIER
rucl marc code BD-RjUL
005 - DATE AND TIME OF LATEST TRANSACTION
control field 20211208235918.0
008 - FIXED-LENGTH DATA ELEMENTS--GENERAL INFORMATION
fixed length control field 140211s1978 nyua b 001 0 eng
020 ## - INTERNATIONAL STANDARD BOOK NUMBER
International Standard Book Number 0070281750
035 ## - SYSTEM CONTROL NUMBER
System control number (BD-RjUL)15971
040 ## - CATALOGING SOURCE
Original cataloging agency DLC
Transcribing agency DLC
Modifying agency BD-RjUL
Language of cataloging eng
041 ## - LANGUAGE CODE
Language code of text/sound track or separate title eng
082 00 - DEWEY DECIMAL CLASSIFICATION NUMBER
Classification number 658.15
Author mark and year HEI 1978
100 1# - MAIN ENTRY--PERSONAL NAME
Personal name Henning, Charles N.
9 (RLIN) 10847
245 10 - TITLE STATEMENT
Title International financial management /
Statement of responsibility, etc. Charles N. Henning,
260 ## - PUBLICATION, DISTRIBUTION, ETC. (IMPRINT)
Place of publication, distribution, etc. New York :
Name of publisher, distributor, etc. McGraw-Hill,
Date of publication, distribution, etc. c1978.
300 ## - PHYSICAL DESCRIPTION
Pagination xv, 576 p. :
Illustrations ill. ;
Size 25 cm.
490 0# - SERIES STATEMENT
Series statement McGraw-Hill series in finance
504 ## - BIBLIOGRAPHY, ETC. NOTE
Bibliography, etc Includes bibliographical references and indexes.
650 #0 - SUBJECT ADDED ENTRY--TOPICAL TERM
Topical term or geographic name as entry element International finance.
9 (RLIN) 49333
Topical term or geographic name as entry element International business enterprises
General subdivision Finance.
9 (RLIN) 49334
700 1# - ADDED ENTRY--PERSONAL NAME
Personal name Pigott, William,
Dates associated with a name 1927-
Relator term joint author.
Personal name Scott, Robert Haney,
Relator term joint author.
942 ## - ADDED ENTRY ELEMENTS (KOHA)
Source of classification or shelving scheme Dewey Decimal Classification
Koha item type Books
Holdings
Lost status Source of classification or shelving scheme Damaged status Not for loan Collection code Permanent Location Current Location Shelving location Date acquired Source of acquisition Cost, normal purchase price Total Checkouts Full call number Date last seen Copy number Koha item type
  Dewey Decimal Classification     Non-fiction Central Library, University of Rajshahi Central Library, University of Rajshahi   04/03/1985 Tulip 18.75   658.15 HEI 1978 11/02/2014 C-5 Books
  Dewey Decimal Classification   Not For Loan Non-fiction Central Library, University of Rajshahi Central Library, University of Rajshahi Reading Room 05/10/1983 Tulip Enterprise, Dhaka 7.50   658.15 HEI 1978 01/01/2017 C-1 Books
  Dewey Decimal Classification     Non-fiction Central Library, University of Rajshahi Central Library, University of Rajshahi   05/10/1983 Tulip 7.50   658.15 HEI 1978 06/05/2019 C-2 Books
  Dewey Decimal Classification     Non-fiction Central Library, University of Rajshahi Central Library, University of Rajshahi   04/03/1985 Tulip 18.75   658.15 HEI 1978 06/05/2019 C-3 Books